Statistics for Seanfhocail Gaeilge

Click here to take the quiz!

General Stats

  • This quiz has been taken 14 times
  • The average score is 6 of 30

Answer Stats

HintAnswer% Correct
Is fearr ______ briste ná Béarla cliste.Gaeilge
82%
Tír gan teanga, tír gan _____.anam
73%
Tús _____ is leath na hoibre.maith
64%
Aithníonn ciaróg ______ eile.ciaróg
55%
Níl aon _____ mar do ______ féin.tinteán
55%
Ní _____ go cur le chéile.neart
36%
Is maith an t-_______ an t-ocras.anlann
27%
Giorraíonn _____ bóthar.beirt
27%
Ní mar a shlítear a ______.bhítear
27%
An rud is annamh is _______.iontach
27%
Is fearr an tsláinte ná an ______.táinte
27%
Mol an óige agus _____ sí.tiocfadh
27%
Is maith an scéalaí an _____.aimsir
18%
Is minic a bhris ____ duine a shrón.béal
18%
Is _____ iad na cnoic i bhfad uainn.glas
18%
Cad a dhéanfadh mac an chait ach ____ a mharú.luch
18%
Ní thagann ciall roimh _____.aois
9%
Bíonn dhá _____ ar gach aon sceál.insint
9%
Taithí a dhéanann _______.máistreacht
9%
Is ____ cearc i bhfad.trom
9%
Muna gcuirfidh tú san Earrach ní _______ tú sa bhFómhar.bhainfidh
0%
Is fada an bóthar nach bhfuil _____ ann.casadh
0%
Gach ____ mar oiltear.dalta
0%
Is leor ó Mhór a ______.dícheall
0%
Sciúrdann éan as gach _____.ealta
0%
Ar mhaithe leis ____ a níos an cat crónán.féin
0%
Bíonn an _______ searbh.fhírinne
0%
Sceitheann _____ fírinne.fíon
0%
Aithnaítear cara i ________.gcruatán
0%
Is in ithe na _____ a bhionn a tástáil.putóige
0%

Score Distribution

Percentile by Number Answered

Percent of People with Each Score

Your Score History

You have not taken this quiz